000 00804nam a2200217Ii 4500
003 JO-AjNU
008 230605s9999||||xx |||||||||||||| ||und||
017 _a2011/2/733
040 _aJO-AjNU
_bara
_erda
_cJO-AjNU
041 _aara
050 1 4 _aDS110.N2.M3776 2012
100 3 _aالمصري، رأفت محمد رائف؛ تقديم المصري، منيب,
_eauthor
_948072
245 0 0 _aنابلس عش العلماء وموطن الاصفياء
250 _aط1
264 3 1 _aعمان: دار الفاروق، 2011
300 _a269ص
336 _atext
_btxt
_2rdacontent
337 _aunmediated
_bn
_2rdamedia
338 _avolume
_bnc
_2rdacarrier
650 4 _aالعلماء العرب-تراجم ، العلماء المسلمون-تراجم،نابلس فلسطين-تاريخ
_948073
999 _aA21028
_c24596
_d24596